[Event "Amplico ch-EUR Rapid"]
[Site "Warsaw POL"]
[Date "2012.12.15"]
[Round "6.43"]
[White "Simonian, Hrair"]
[Black "Sabuk, Piotr"]
[Result "1/2-1/2"]
[WhiteTitle "GM"]
[WhiteElo "2459"]
[BlackElo "2195"]
[WhiteFideId "13302337"]
[BlackFideId "1137565"]
[EventDate "2012.12.15"]

1. e4 e5 2. Nf3 Nc6 3. Bb5 a6 4. Ba4 Nf6 5. Bxc6 dxc6 6. d3 Nd7 7. Nbd2 Be7 8.
O-O O-O 9. Nc4 f6 10. Nh4 Re8 11. Nf5 Bf8 12. f4 g6 13. Ng3 exf4 14. Bxf4 Ne5
15. Nxe5 fxe5 16. Be3 b6 17. Qd2 Be6 18. b3 c5 19. Ne2 Qd6 20. h3 Rad8 21. Bg5
Be7 22. Bxe7 Qxe7 23. Qe3 Qh4 24. Rf3 Kg7 25. Raf1 Rf8 26. Rxf8 Rxf8 27. Rxf8
Kxf8 28. Qf2+ Qxf2+ 29. Kxf2 Ke7 30. Ke3 Kf6 31. Ng1 a5 32. Ne2 b5 33. Nc3 c6
34. a4 c4 35. bxc4 bxc4 36. d4 Bd7 37. h4 h6 38. g3 Ke6 39. Ne2 1/2-1/2

[Event "Amplico ch-EUR Rapid"]
[Site "Warsaw POL"]
[Date "2012.12.15"]
[Round "6.44"]
[White "Fargere, Francois"]
[Black "Baliasnyj, Timur"]
[Result "1-0"]
[WhiteTitle "GM"]
[WhiteElo "2446"]
[BlackElo "2276"]
[WhiteFideId "615935"]
[BlackFideId "12802719"]
[EventDate "2012.12.15"]

1. e4 Nf6 2. e5 Nd5 3. d4 d6 4. Nf3 Nc6 5. exd6 cxd6 6. h3 g6 7. c4 Nf6 8. d5
Nb8 9. Nc3 Bg7 10. Be3 O-O 11. Be2 Nbd7 12. O-O Nc5 13. Bd4 a5 14. Re1 Re8 15.
Bf1 Bd7 16. b3 Rc8 17. Rb1 e5 18. dxe6 Nxe6 19. Be3 Bc6 20. Nd4 d5 21. Nxc6 bxc6
22. Bd2 Qd6 23. Na4 Ra8 24. Bc3 d4 25. Bd2 Nc5 26. Nxc5 Qxc5 27. Qc2 Rad8 28.
Bd3 Nd7 29. Rxe8+ Rxe8 30. Re1 Rxe1+ 31. Bxe1 Ne5 32. Bf1 f5 33. Qd2 a4 34. b4
Qe7 35. b5 cxb5 36. cxb5 d3 37. f4 Nc4 38. Qxd3 Ne3 39. Bf2 Nxf1 40. Qc4+ Kh8
41. Kxf1 h6 42. Qxa4 Qd7 43. Qb3 Qd2 44. Be3 Qd7 45. b6 Bd4 46. b7 1-0

[Event "Amplico ch-EUR Rapid"]
[Site "Warsaw POL"]
[Date "2012.12.15"]
[Round "6.45"]
[White "Zawadzki, Stanislaw"]
[Black "Frink, Ferenc"]
[Result "1-0"]
[WhiteTitle "IM"]
[BlackTitle "FM"]
[WhiteElo "2432"]
[BlackElo "2207"]
[WhiteFideId "1113500"]
[BlackFideId "704946"]
[EventDate "2012.12.15"]

1. Nf3 Nf6 2. g3 Nc6 3. d4 e6 4. Bg2 d6 5. O-O Bd7 6. c4 e5 7. Nc3 h6 8. e4 Bg4
9. d5 Ne7 10. h3 Bd7 11. Kh2 Ng6 12. Be3 Be7 13. b4 O-O 14. Qb3 b6 15. Rfc1 Nh7
16. a4 f5 17. c5 f4 18. Bd2 Ng5 19. Ng1 bxc5 20. bxc5 Rb8 21. Qc4 Rb2 22. Ra2
Qb8 23. h4 fxg3+ 24. fxg3 Rf2 25. Rc2 Rb4 26. Qd3 Rd4 27. Qe3 Qf8 28. hxg5 Bxg5
29. Qe1 Nh4 30. Bxg5 Rxc2 31. Rxc2 Nxg2 32. Kxg2 hxg5 33. c6 Bg4 34. Qe3 Qf6 35.
Rb2 a5 36. Rb7 Rb4 37. Rxb4 axb4 38. Na2 Bd1 39. Nxb4 Bxa4 40. Nd3 Bd1 41. Nf2
Bh5 42. g4 Be8 43. Ngh3 Qd8 44. Nxg5 Qb8 45. Ne6 Bf7 46. Qg5 Bxe6 47. dxe6 Qe8
48. Qf5 g6 49. Qf6 Kh7 50. e7 Kg8 51. Qe6+ Kg7 52. Qd7 Kf7 53. Qxc7 Qxe7 54.
Qxe7+ 1-0

[Event "Amplico ch-EUR Rapid"]
[Site "Warsaw POL"]
[Date "2012.12.15"]
[Round "6.46"]
[White "Drozdowski, Kacper"]
[Black "Lach, Aleksandra"]
[Result "0-1"]
[WhiteTitle "FM"]
[BlackTitle "WF"]
[WhiteElo "2426"]
[BlackElo "2176"]
[WhiteFideId "1136720"]
[BlackFideId "1134299"]
[EventDate "2012.12.15"]

1. e4 c5 2. Nf3 d6 3. d4 cxd4 4. Qxd4 Nc6 5. Bb5 Bd7 6. Bxc6 Bxc6 7. Nc3 Nf6 8.
Bg5 e6 9. O-O-O Be7 10. Qd3 Qa5 11. h4 h6 12. Bxf6 Bxf6 13. Nd4 O-O 14. f4 Rac8
15. g4 Bxd4 16. Qxd4 b5 17. a3 Ba8 18. Qxd6 Rc6 19. Qe5 Rfc8 20. Kb1 Rc5 21. Qd4
Rc4 22. Qd7 b4 23. axb4 Qxb4 24. Rh3 Rb8 25. Nb5 Bxe4 26. Rhd3 Rxb5 27. b3 Bxd3
28. Qd8+ Qf8 29. Qxd3 Rcb4 30. g5 Rd5 31. Qf3 Rxf4 32. Qxf4 Rxd1+ 33. Kb2 Qd6
34. Qf3 Qd4+ 35. c3 Qd2+ 36. Ka3 Ra1+ 37. Kb4 Qd6+ 38. Kc4 Qa6+ 39. Kb4 Qa5+ 40.
Kc4 hxg5 41. Qa8+ Kh7 42. hxg5 Qxg5 43. Qe4+ g6 44. Qb7 Qd5+ 0-1

[Event "Amplico ch-EUR Rapid"]
[Site "Warsaw POL"]
[Date "2012.12.15"]
[Round "6.47"]
[White "Wiewiora, Eneasz"]
[Black "Nedilko, Vasily"]
[Result "0-1"]
[BlackTitle "IM"]
[WhiteElo "2175"]
[BlackElo "2396"]
[WhiteFideId "1140396"]
[BlackFideId "14101459"]
[EventDate "2012.12.15"]

1. Nf3 Nf6 2. c4 g6 3. Nc3 d5 4. cxd5 Nxd5 5. e4 Nxc3 6. dxc3 Qxd1+ 7. Kxd1 f6
8. Be3 e5 9. Kc2 Nd7 10. Nd2 Bc5 11. Bxc5 Nxc5 12. b4 Ne6 13. Bc4 Ke7 14. a3 Bd7
15. Nf1 c6 16. Ne3 a5 17. Rhd1 Ra7 18. Kb2 Rha8 19. Bb3 b5 20. Rac1 axb4 21.
axb4 Ng5 22. f3 Ne6 23. Ra1 h5 24. Rxa7 Rxa7 25. Rg1 Ra8 26. Rf1 h4 27. Bxe6
Bxe6 28. Ra1 Rxa1 29. Kxa1 f5 30. Kb2 f4 31. Nf1 h3 32. gxh3 Bxh3 33. Nd2 g5 34.
Kc2 Be6 35. Kd3 Kf6 36. c4 Bxc4+ 37. Nxc4 bxc4+ 38. Kxc4 g4 39. fxg4 Kg5 40. h3
f3 41. Kd3 Kf4 42. g5 Kg3 43. g6 f2 44. g7 f1=Q+ 45. Kc3 Qf7 0-1

[Event "Amplico ch-EUR Rapid"]
[Site "Warsaw POL"]
[Date "2012.12.15"]
[Round "6.48"]
[White "Pedzich, Dominik"]
[Black "Stremavicius, Titas"]
[Result "1/2-1/2"]
[WhiteTitle "IM"]
[WhiteElo "2395"]
[BlackElo "2185"]
[WhiteFideId "1100130"]
[BlackFideId "12804444"]
[EventDate "2012.12.15"]

1. e4 c5 2. Nf3 Nc6 3. Bb5 g6 4. O-O Bg7 5. c3 Nf6 6. Qa4 O-O 7. d4 cxd4 8. cxd4
a6 9. Re1 Qb6 10. Nc3 d6 11. Bxc6 Qxc6 12. Qb3 b5 13. Bg5 Qb7 14. e5 dxe5 15.
dxe5 Be6 16. exf6 Bxb3 17. fxg7 Rfe8 18. axb3 Kxg7 19. b4 f6 20. Be3 e5 21. Nd2
Qf7 22. Nce4 Red8 23. Nc5 Rd6 24. Nde4 Rc6 25. Rad1 Ra7 26. Rd8 Qc4 27. h3 Qxb4
28. Red1 Rf7 29. Ra8 h6 30. Rdd8 g5 31. g4 Kg6 32. b3 Rfc7 33. Rg8+ Rg7 34. Rge8
Rgc7 35. Rg8+ Rg7 36. Rge8 Rgc7 37. Rg8+ 1/2-1/2

[Event "Amplico ch-EUR Rapid"]
[Site "Warsaw POL"]
[Date "2012.12.15"]
[Round "6.49"]
[White "Lebediantsev, Ruslan"]
[Black "Nurkiewicz, Maciej"]
[Result "0-1"]
[WhiteElo "2145"]
[BlackElo "2395"]
[WhiteFideId "24135755"]
[BlackFideId "1107046"]
[EventDate "2012.12.15"]

1. e4 e5 2. Nf3 Nc6 3. Bb5 a6 4. Bxc6 dxc6 5. O-O f6 6. d4 exd4 7. Nxd4 c5 8.
Ne2 Qxd1 9. Rxd1 Bd7 10. Bf4 O-O-O 11. Nbc3 Ne7 12. Rd2 Re8 13. Rad1 Bc6 14. f3
Ng6 15. Bg3 Be7 16. Nd5 Bd8 17. Bf2 b6 18. Bg3 Rhf8 19. c4 f5 20. Nec3 h5 21. a3
h4 22. Bf2 h3 23. b4 cxb4 24. axb4 hxg2 25. b5 axb5 26. cxb5 Bb7 27. Rc2 Kb8 28.
Bg3 Rf7 29. Nxb6 f4 30. Nd7+ Kc8 31. Nb6+ cxb6 32. Nd5+ Kb8 33. Bf2 Bxd5 34.
Rxd5 Ne5 35. Kxg2 Rf6 36. Rcd2 Rg6+ 37. Kf1 Bc7 38. Ke2 Kb7 39. h4 Ra8 40. h5
Re6 41. Bd4 Rae8 42. Rc2 R8e7 43. Rc1 Nd7 44. Rg1 Be5 45. Bf2 Nf6 46. Rd8 Nxh5
47. Rh1 g6 48. Rhd1 Rc7 49. R1d2 Ng3+ 50. Bxg3 fxg3 51. Rf8 Bd6 52. Rg8 Rc8 53.
Rg7+ Kb8 54. Rd7 Bb4 55. Rb2 Re7 56. Rxe7 Bxe7 57. f4 Rc3 58. Rd2 Bc5 59. Rd8+
Kc7 60. Rg8 g2 61. Rg7+ Kd8 0-1

[Event "Amplico ch-EUR Rapid"]
[Site "Warsaw POL"]
[Date "2012.12.15"]
[Round "7.1"]
[White "Gorovets, Andrey"]
[Black "Vachier-Lagrave, Maxime"]
[Result "0-1"]
[WhiteTitle "IM"]
[BlackTitle "GM"]
[WhiteElo "2474"]
[BlackElo "2711"]
[WhiteFideId "13504037"]
[BlackFideId "623539"]
[EventDate "2012.12.15"]

1. c4 e5 2. g3 Nf6 3. Bg2 c6 4. d4 exd4 5. Qxd4 d5 6. Nf3 Be6 7. cxd5 cxd5 8.
O-O Nc6 9. Qa4 Bc5 10. Ne5 O-O 11. Nxc6 bxc6 12. Nc3 Rc8 13. Bf4 Re8 14. Qc2 Bf8
15. Rfd1 c5 16. Bg5 d4 17. e3 h6 18. Bxf6 Qxf6 19. Nd5 Qe5 20. Nf4 Bf5 21. e4
Bxe4 22. Bxe4 Qxe4 23. Qc4 Bd6 24. Nd3 h5 25. Re1 Qf5 26. Kg2 h4 27. Rxe8+ Rxe8
28. Re1 Re4 29. Qc2 Rxe1 30. Nxe1 Qd5+ 31. Kf1 c4 32. Qd1 Qh1+ 33. Ke2 d3+ 34.
Ke3 Bc5+ 35. Kf4 Qxh2 36. Nf3 Qxf2 37. gxh4 Qxb2 38. Qa4 Qf6+ 39. Ke4 Qe6+ 40.
Ne5 Bd6 0-1

[Event "Amplico ch-EUR Rapid"]
[Site "Warsaw POL"]
[Date "2012.12.15"]
[Round "7.5"]
[White "Kempinski, Robert"]
[Black "Istratescu, Andrei"]
[Result "1/2-1/2"]
[WhiteTitle "GM"]
[BlackTitle "GM"]
[WhiteElo "2599"]
[BlackElo "2654"]
[WhiteFideId "1105663"]
[BlackFideId "1200372"]
[EventDate "2012.12.15"]

1. d4 e6 2. c4 Bb4+ 3. Nd2 d5 4. e3 Nf6 5. a3 Be7 6. Ngf3 O-O 7. Bd3 b6 8. O-O
c5 9. b3 cxd4 10. exd4 Bb7 11. Qe2 a5 12. Bb2 a4 13. b4 dxc4 14. Nxc4 Nbd7 15.
Nfe5 Nd5 16. Nxd7 Qxd7 17. Ne5 Qd8 18. Qe4 g6 19. b5 Bf6 20. Rac1 Qd6 21. Qf3
Rfc8 22. Be4 Bxe5 23. dxe5 Qd7 24. Qd3 Rxc1 25. Bxc1 Rc8 26. Bxd5 Qxd5 27. Qxd5
Bxd5 28. Be3 Rc3 29. Ra1 Rb3 1/2-1/2

[Event "Amplico ch-EUR Rapid"]
[Site "Warsaw POL"]
[Date "2012.12.15"]
[Round "7.6"]
[White "Petrosian, Tigran L."]
[Black "Baghdasaryan, Vahe"]
[Result "1-0"]
[WhiteTitle "GM"]
[BlackTitle "IM"]
[WhiteElo "2648"]
[BlackElo "2388"]
[WhiteFideId "13301616"]
[BlackFideId "13303139"]
[EventDate "2012.12.15"]

1. e4 c5 2. Nc3 a6 3. f4 b5 4. Nf3 Bb7 5. d3 d6 6. g4 Nd7 7. Bg2 g6 8. O-O Bg7
9. f5 Qb6 10. Kh1 b4 11. Ne2 d5 12. Ng3 dxe4 13. dxe4 Ngf6 14. Nd2 Ne5 15. g5
Nfg4 16. Qe2 h6 17. fxg6 hxg5 18. gxf7+ Kf8 19. h3 Nf6 20. Nc4 Nxc4 21. Qxc4 g4
22. Be3 Nd7 23. Rad1 gxh3 24. Rxd7 hxg2+ 25. Kxg2 Qc6 26. Qd5 Qxd5 27. exd5 Rb8
28. Bxc5 1-0

[Event "Amplico ch-EUR Rapid"]
[Site "Warsaw POL"]
[Date "2012.12.15"]
[Round "7.9"]
[White "Rublevsky, Sergei"]
[Black "Maiorov, Nikita1"]
[Result "1-0"]
[WhiteTitle "GM"]
[BlackTitle "GM"]
[WhiteElo "2688"]
[BlackElo "2541"]
[WhiteFideId "4115309"]
[BlackFideId "13501720"]
[EventDate "2012.12.15"]

1. e4 e5 2. Nf3 Nc6 3. d4 exd4 4. Nxd4 Bc5 5. Nxc6 Qf6 6. Qf3 bxc6 7. Nd2 d6 8.
Nb3 Qxf3 9. gxf3 Bb6 10. a4 a5 11. Be3 f5 12. Bxb6 cxb6 13. O-O-O Ke7 14. Nd4
Bd7 15. Rg1 g6 16. exf5 Nf6 17. fxg6 hxg6 18. Rxg6 Rxh2 19. Bd3 Rg8 20. Re1+ Kf7
21. Rxg8 Kxg8 22. Re2 Rh4 23. c3 Rf4 24. Re7 c5 25. Ne6 Rxf3 26. Bc4 Bxe6 27.
Rxe6 d5 28. Bb5 d4 29. cxd4 cxd4 30. Rxb6 d3 31. Rd6 Ne4 32. Rd8+ Kg7 33. Bc6
d2+ 34. Kc2 d1=Q+ 35. Kxd1 Nxf2+ 36. Ke2 Rf6 37. Bf3 Nh3 38. Rd7+ Kf8 39. Ke3
Rb6 40. Rb7 Rxb7 41. Bxb7 Ke7 42. Bg2 Ng5 43. Kd4 Ne6+ 44. Kc4 Kd6 45. Kb5 Nf4
46. Be4 Ke5 47. Bh7 Kd4 48. Kxa5 Ne6 49. b4 Nc7 1-0

[Event "Amplico ch-EUR Rapid"]
[Site "Warsaw POL"]
[Date "2012.12.15"]
[Round "7.11"]
[White "Akesson, Ralf"]
[Black "Sargissian, Gabriel"]
[Result "0-1"]
[WhiteTitle "GM"]
[BlackTitle "GM"]
[WhiteElo "2441"]
[BlackElo "2666"]
[WhiteFideId "1700120"]
[BlackFideId "13300881"]
[EventDate "2012.12.15"]

1. d4 Nf6 2. c4 e6 3. Nf3 b6 4. g3 c6 5. Bg2 d5 6. O-O Be7 7. Qc2 O-O 8. Rd1 a5
9. Nc3 Ba6 10. Ne5 b5 11. c5 Nfd7 12. Nxd7 Nxd7 13. e4 b4 14. Na4 Bb5 15. e5 f6
16. f4 fxe5 17. fxe5 Qe8 18. Be3 Qh5 19. Re1 Rab8 20. b3 Rf7 21. Nb2 Rbf8 22.
Nd3 Qg6 23. Rad1 Bxc5 24. dxc5 Nxe5 25. Nxb4 axb4 26. Qxg6 Nxg6 27. Bh3 e5 28.
Be6 Ra8 29. Rd2 Kf8 30. Bxf7 Kxf7 31. Rf2+ Ke6 32. h4 h5 33. Bd2 Rxa2 34. Bxb4
Rxf2 35. Kxf2 d4 36. Ra1 e4 37. Ra8 e3+ 38. Kf3 Kf5 39. g4+ hxg4+ 40. Kg3 d3 41.
Bc3 d2 42. Rd8 Nf4 43. Bxd2 exd2 44. Rxd2 Nh5+ 45. Kf2 g3+ 46. Kf3 Bf1 0-1

[Event "Amplico ch-EUR Rapid"]
[Site "Warsaw POL"]
[Date "2012.12.15"]
[Round "7.12"]
[White "Ragger, Markus"]
[Black "Stupak, Kirill"]
[Result "1-0"]
[WhiteTitle "GM"]
[BlackTitle "GM"]
[WhiteElo "2655"]
[BlackElo "2526"]
[WhiteFideId "1610856"]
[BlackFideId "13503758"]
[EventDate "2012.12.15"]

1. d4 e6 2. Nf3 Nf6 3. c4 c5 4. d5 exd5 5. cxd5 Bd6 6. g3 O-O 7. Bg2 a6 8. a4
Re8 9. O-O Bf8 10. Nfd2 d6 11. Nc3 Nbd7 12. Nc4 Ne5 13. Nxe5 Rxe5 14. Rb1 Bf5
15. Bf4 Re8 16. Ra1 Rb8 17. Re1 Ne4 18. a5 b5 19. axb6 Rxb6 20. Na4 Rb4 21. f3
Nf6 22. Bd2 Rb8 23. e4 Bd7 24. Bc3 Bb5 25. f4 Nd7 26. Qf3 Qc7 27. h4 Re7 28. h5
Rbe8 29. Qd1 Qb8 30. b3 g6 31. Qd2 Bg7 32. Bxg7 Kxg7 33. Qc3+ f6 34. Nb2 Nf8 35.
h6+ Kf7 36. Nd1 Nd7 37. Nf2 Qb6 38. Bh3 Nf8 39. Re3 Bd7 40. Bf1 Bb5 41. Bg2 Rc8
42. Kh2 c4 43. b4 Rce8 44. g4 Qd8 45. g5 Rc7 46. Ng4 Nd7 47. Rf1 Qe7 48. e5 dxe5
49. fxe5 f5 50. d6 Qxg5 51. e6+ 1-0

[Event "Amplico ch-EUR Rapid"]
[Site "Warsaw POL"]
[Date "2012.12.15"]
[Round "7.13"]
[White "Erdos, Viktor"]
[Black "Warakomski, Tomasz"]
[Result "1/2-1/2"]
[WhiteTitle "GM"]
[BlackTitle "IM"]
[WhiteElo "2640"]
[BlackElo "2490"]
[WhiteFideId "719978"]
[BlackFideId "1124552"]
[EventDate "2012.12.15"]

1. c4 e5 2. g3 Nc6 3. Nc3 d6 4. Bg2 Be6 5. d3 Qd7 6. Rb1 g6 7. b4 Bg7 8. b5 Nd8
9. Nf3 h6 10. O-O Ne7 11. a4 O-O 12. Ba3 f5 13. Nd2 Rf7 14. Qc2 g5 15. Nd5 Ng6
16. a5 c6 17. Nc3 h5 18. a6 bxa6 19. bxc6 Nxc6 20. Qa4 Rc8 21. Rb2 e4 22. Rc1
Bxc3 23. Rxc3 Nd4 24. Qd1 Nb5 25. Rcb3 Nxa3 26. Rxa3 exd3 27. exd3 g4 28. Rxa6
Qd8 29. Nb3 Rb8 30. Re2 Bc8 31. Ra1 Bb7 32. Re6 Bxg2 33. Rxg6+ Kh7 34. Re6 Ba8
35. Qd2 f4 36. Nd4 Qb6 37. Nb5 Qc6 38. Re4 Rbf8 39. Nd4 Qb6 40. Ne6 Bxe4 41.
Nxf8+ Rxf8 42. dxe4 fxg3 43. hxg3 h4 44. Ra5 Qb1+ 45. Kh2 hxg3+ 46. fxg3 Qxe4
47. Rxa7+ Kg6 48. Qxd6+ Rf6 49. Qd2 Qxc4 50. Ra5 Rf5 51. Qd6+ Rf6 52. Qd2 Rf5
53. Qd6+ Rf6 54. Qd2 Rf5 1/2-1/2

[Event "Amplico ch-EUR Rapid"]
[Site "Warsaw POL"]
[Date "2012.12.15"]
[Round "7.14"]
[White "Nyzhnyk, Illya"]
[Black "Bukavshin, Ivan"]
[Result "1/2-1/2"]
[WhiteTitle "GM"]
[BlackTitle "GM"]
[WhiteElo "2637"]
[BlackElo "2510"]
[WhiteFideId "14118084"]
[BlackFideId "4199758"]
[EventDate "2012.12.15"]

1. d4 d5 2. c4 e6 3. Nf3 c6 4. Qc2 Nf6 5. g3 Nbd7 6. Bg2 b6 7. Nc3 Ba6 8. cxd5
cxd5 9. Qa4 Bb7 10. Bg5 Be7 11. Ne5 O-O 12. Bxf6 Nxf6 13. O-O Qe8 14. Qb3 Nd7
15. e4 dxe4 16. Bxe4 Bxe4 17. Nxe4 Nxe5 18. dxe5 Qc6 19. Rfe1 Rac8 20. Rad1 Rfd8
21. Qf3 Rd5 22. Rxd5 Qxd5 23. Rd1 Qxe5 24. Rd7 Bf6 25. Nd6 Rf8 26. Qb7 Qd5 27.
Qxa7 Qd1+ 28. Kg2 Qd5+ 29. Kg1 Bd4 30. Qa4 Ra8 31. Ra7 Rf8 32. Rd7 Ra8 33. Ra7
Rf8 34. Rd7 Qe5 35. Qc2 Bxb2 36. Nc4 Qb5 37. Rd6 Bf6 38. Rxb6 Qc5 39. Rb3 Bd4
40. Kg2 Rc8 41. Qd3 Bxf2 42. Rb7 Bd4 43. Nb6 Qc6+ 44. Qf3 Qxf3+ 45. Kxf3 Bxb6
46. Rxb6 Ra8 47. a4 g5 48. Rb4 f5 49. g4 Kg7 50. gxf5 exf5 51. Rb5 Kg6 52. a5
Rc8 53. Ke3 f4+ 54. Kd4 Kh5 55. a6 Kh4 56. a7 Ra8 57. Ra5 f3 58. Ke3 g4 59. Kf2
h5 60. Kg1 g3 61. hxg3+ Kxg3 62. Rxh5 f2+ 63. Kf1 Rxa7 64. Rg5+ Kf3 65. Rf5+ Kg3
66. Rg5+ Kf4 67. Rg8 Kf3 68. Rf8+ Kg3 69. Rg8+ 1/2-1/2

[Event "Amplico ch-EUR Rapid"]
[Site "Warsaw POL"]
[Date "2012.12.15"]
[Round "7.15"]
[White "Fedoseev, Vladimir3"]
[Black "Kovalev, Vladislav"]
[Result "1-0"]
[WhiteTitle "GM"]
[BlackTitle "IM"]
[WhiteElo "2514"]
[BlackElo "2482"]
[WhiteFideId "24130737"]
[BlackFideId "13504398"]
[EventDate "2012.12.15"]

1. d4 Nf6 2. c4 g6 3. Nc3 Bg7 4. e4 d6 5. f3 O-O 6. Be3 c5 7. Nge2 Nc6 8. d5 Ne5
9. Ng3 e6 10. Be2 exd5 11. cxd5 a6 12. a4 h5 13. O-O Nh7 14. h3 h4 15. Nh1 g5
16. Nf2 Qf6 17. Qd2 Qg6 18. Ng4 f5 19. Nxe5 Bxe5 20. f4 gxf4 21. Bxf4 Bd4+ 22.
Be3 Bxe3+ 23. Qxe3 f4 24. Rxf4 Rxf4 25. Qxf4 Bxh3 26. Qh2 Ng5 27. Kh1 Bd7 28. e5
dxe5 29. Qxe5 h3 30. Rg1 Re8 31. Qg3 h2 32. Rf1 Rf8 33. Rxf8+ Kxf8 34. Qc7 Ke8
35. Qxc5 Nf7 36. Qe3+ Kd8 37. Kxh2 Nd6 38. Qf4 Qh7+ 39. Kg1 Qg6 40. Kf2 Nf5 41.
a5 Nd6 42. g4 Ke7 43. Ke3 Qg7 44. Kd2 Qf6 45. Qe3+ Kd8 46. g5 Qg7 47. Bd3 Nf7
48. g6 Ne5 49. Qb6+ Ke8 50. Qe3 Kd8 51. d6 Nxd3 52. Qg5+ Kc8 53. Kxd3 Be8 54.
Qc5+ Kb8 55. Qc7+ Qxc7 56. dxc7+ Kxc7 57. g7 Bf7 58. Ke4 Kd6 59. Kf5 Bg8 60. Kf6
Kd7 61. Ne4 Bh7 62. Nc5+ Kc6 63. Ne6 Bg8 64. Ke7 Kb5 65. Ng5 1-0

[Event "Amplico ch-EUR Rapid"]
[Site "Warsaw POL"]
[Date "2012.12.15"]
[Round "7.16"]
[White "Dragun, Kamil"]
[Black "Socko, Bartosz"]
[Result "1-0"]
[WhiteTitle "IM"]
[BlackTitle "GM"]
[WhiteElo "2461"]
[BlackElo "2631"]
[WhiteFideId "1134167"]
[BlackFideId "1107038"]
[EventDate "2012.12.15"]

1. e4 c5 2. Nf3 d6 3. d4 cxd4 4. Nxd4 Nf6 5. Nc3 g6 6. Be3 Bg7 7. f3 O-O 8. Qd2
Nc6 9. Bc4 Nxd4 10. Bxd4 Be6 11. Bxe6 fxe6 12. O-O-O Qa5 13. Kb1 Rac8 14. Rhe1
Nd7 15. Bxg7 Kxg7 16. f4 Rc4 17. g4 Rfc8 18. Re3 b5 19. f5 b4 20. Rh3 Rxc3 21.
Qh6+ Kf7 22. Qxh7+ Ke8 23. Qxg6+ Kd8 24. Rh8+ Kc7 25. Rxc8+ Kxc8 26. Qe8+ Kc7
27. Qxe7 Qc5 28. fxe6 Rxc2 29. Qxd7+ Kb8 30. Qxd6+ 1-0

[Event "Amplico ch-EUR Rapid"]
[Site "Warsaw POL"]
[Date "2012.12.15"]
[Round "7.17"]
[White "Miton, Kamil"]
[Black "Kuzmicz, Krystian"]
[Result "1-0"]
[WhiteTitle "GM"]
[BlackTitle "IM"]
[WhiteElo "2626"]
[BlackElo "2465"]
[WhiteFideId "1111914"]
[BlackFideId "1119125"]
[EventDate "2012.12.15"]

1. d4 g6 2. Nf3 Bg7 3. c4 c6 4. Nc3 Nf6 5. e4 d5 6. e5 Ne4 7. Be2 O-O 8. O-O Bf5
9. Qb3 Qd7 10. Be3 Rd8 11. Rfd1 Na6 12. h3 Nc7 13. Rac1 dxc4 14. Bxc4 Nd5 15.
Nxd5 cxd5 16. Bb5 Qe6 17. Rc7 Qb6 18. Rdc1 Bf8 19. Ba4 Qxb3 20. Bxb3 Rab8 21. g4
Be6 22. Ng5 Nxg5 23. Bxg5 Re8 24. Kg2 h6 25. Bd2 f5 26. exf6 exf6 27. Bf4 g5 28.
Bg3 a6 29. Re1 Kh8 30. Rc3 Rbd8 31. Rce3 Bb4 32. R1e2 Bf7 33. Rxe8+ Bxe8 34. Re6
Kg7 35. Rb6 a5 36. Rxb7+ Bf7 37. Bc2 Bd2 38. Bf5 Re8 39. Bd6 Bc1 40. Kf1 Bd2 41.
Be7 a4 42. b4 axb3 43. axb3 Bc3 44. Bc5 Kg8 45. b4 Re1+ 46. Kg2 Rd1 47. Rb8+ 1-0

[Event "Amplico ch-EUR Rapid"]
[Site "Warsaw POL"]
[Date "2012.12.15"]
[Round "7.18"]
[White "Nedilko, Vasily"]
[Black "Rapport, Richard"]
[Result "0-1"]
[WhiteTitle "IM"]
[BlackTitle "GM"]
[WhiteElo "2396"]
[BlackElo "2621"]
[WhiteFideId "14101459"]
[BlackFideId "738590"]
[EventDate "2012.12.15"]

1. d4 d5 2. c4 c6 3. Nf3 Nf6 4. Nc3 g6 5. Bf4 dxc4 6. a4 Bg7 7. e4 Bg4 8. Bxc4
Bxf3 9. gxf3 O-O 10. Be3 Qa5 11. Qb3 Na6 12. e5 Nh5 13. f4 Qb4 14. Ke2 e6 15.
Qxb4 Nxb4 16. a5 Rfd8 17. Bb3 Bf8 18. Rhd1 Rac8 19. Kf3 Rc7 20. Ke4 Ng7 21. Rac1
Rcd7 22. Na4 Nf5 23. Nc5 Bxc5 24. dxc5 Nd3 25. Rb1 Nxe3 26. Kxe3 Nxc5 27. Rxd7
Rxd7 28. Rd1 Kf8 29. Rxd7 Nxd7 30. Bc4 Ke7 31. b4 Kd8 32. Kf3 0-1

[Event "Amplico ch-EUR Rapid"]
[Site "Warsaw POL"]
[Date "2012.12.15"]
[Round "7.19"]
[White "Nurkiewicz, Maciej"]
[Black "Rozentalis, Eduardas"]
[Result "0-1"]
[BlackTitle "GM"]
[WhiteElo "2395"]
[BlackElo "2602"]
[WhiteFideId "1107046"]
[BlackFideId "12800023"]
[EventDate "2012.12.15"]

1. e4 e6 2. d4 d5 3. Nc3 Nc6 4. Nf3 Nf6 5. e5 Ne4 6. Bd2 Bd7 7. Bd3 Nxc3 8. Bxc3
Bb4 9. Qd2 Qe7 10. a3 Bxc3 11. Qxc3 f6 12. O-O fxe5 13. dxe5 O-O 14. Nd4 Nxd4
15. Qxd4 c5 16. Qg4 c4 17. Be2 Rf5 18. f4 Qc5+ 19. Kh1 Raf8 20. Rad1 Qe3 21.
Bxc4 Rxf4 22. Rxf4 Rxf4 23. Qe2 Qxe2 24. Bxe2 Re4 25. Bf3 Rxe5 26. Kg1 Bc6 27.
Kf2 Rf5 28. Ke3 Kf7 29. Bg4 Rf6 30. Bf3 Ke7 31. Rd2 Kd6 32. c4 Ke5 33. cxd5 Bxd5
34. Bxd5 exd5 35. Rd4 Rb6 36. b4 Ra6 37. Rd3 Rc6 38. Kd2 d4 39. Rf3 Rf6 40. Rg3
Rg6 41. Ke1 0-1

[Event "Amplico ch-EUR Rapid"]
[Site "Warsaw POL"]
[Date "2012.12.15"]
[Round "7.21"]
[White "Swiercz, Dariusz"]
[Black "Zawadzki, Stanislaw"]
[Result "0-1"]
[WhiteTitle "GM"]
[BlackTitle "IM"]
[WhiteElo "2627"]
[BlackElo "2432"]
[WhiteFideId "1126881"]
[BlackFideId "1113500"]
[EventDate "2012.12.15"]

1. d4 d5 2. c4 c6 3. Nc3 Nf6 4. e3 g6 5. Nf3 Bg7 6. Be2 O-O 7. O-O Bg4 8. cxd5
cxd5 9. Qb3 b6 10. h3 Bxf3 11. Bxf3 e6 12. Bd2 Nc6 13. Na4 Ne4 14. Bxe4 dxe4 15.
Qc2 Qd7 16. Rac1 Rac8 17. Nc3 f5 18. Qa4 Rfd8 19. Rc2 Bf8 20. a3 Na5 21. Qxd7
Rxd7 22. Rd1 Nb3 23. Be1 e5 24. d5 Kf7 25. Kf1 Rc5 26. f3 exf3 27. gxf3 b5 28.
e4 a5 29. Rf2 Bh6 30. Ne2 Rc4 31. Nc3 Nd4 32. Bd2 Bxd2 33. Rdxd2 b4 34. axb4
axb4 35. Ne2 Nb3 36. Rd1 Kf6 37. Ng3 Kg5 38. Rg2 Kf4 39. Rd3 Nd4 40. exf5 Rc1+
41. Kf2 Rc2+ 42. Kg1 Rdc7 43. Ne4 Rxg2+ 44. Kxg2 gxf5 45. Nd2 Rd7 46. Kf2 Rxd5
47. Nc4 e4 48. fxe4 fxe4 49. Rd1 Rd8 50. Ne3 Rf8 51. Ng4 Nf5 52. Rf1 Kg5 53. Kg1
Rc8 54. Re1 Re8 55. Kg2 h5 56. Nf2 e3 57. Nd3 b3 58. Kf3 Nd4+ 59. Kg3 e2 60. h4+
Kf5 61. Kf2 Re4 62. Ra1 Nc2 63. Ra5+ Kg4 64. Ne5+ Rxe5 65. Rxe5 e1=Q+ 66. Rxe1
Nxe1 67. Kxe1 Kxh4 68. Kf2 Kg4 0-1